Wszystkie modele Audi 1975-2025 - Statystyki

Ogólne statystyki
  • Ten quiz został rozwiązany 94 razy
  • Średni wynik to 34 z 70
Statystyki odpowiedzi
Odpowiedź % Poprawnych
A3
100%
A4
100%
A6
100%
A2
99%
A5
99%
A8
99%
A1
97%
A7
97%
80
88%
RS4
86%
Q3
85%
Q5
85%
Q7
85%
RS3
85%
RS7
85%
RS5
83%
RS6
83%
100
81%
Q8
79%
Q2
78%
Q6
78%
S4
75%
S5
75%
S6
75%
S7
75%
S8
75%
S3
74%
RS2
72%
S2
71%
90
69%
S1
69%
R8
57%
Quattro
51%
200
49%
e-tron
49%
RS Q8
47%
TT
47%
SQ5
43%
SQ7
43%
SQ8
43%
50
40%
RS Q3
40%
SQ3
38%
SQ6
36%
SQ2
35%
V8
26%
TT RS
17%
TTS
14%
e-tron GT
13%
Coupe
11%
5000
6%
4000
4%
5+5
4%
Cabriolet
4%
Fox
4%
Q4 e-tron
4%
Q5 e-tron
4%
Q6 e-tron
4%
S6 e-tron
4%
Sport Quattro
4%
Q3 Sportback
3%
Q5 Sportback
3%
Q8 e-tron
3%
Q8 e-tron Sportback
1%
RS Q3 Sportback
1%
SQ8 e-tron
1%
Q2L e-tron
0%
Q5 e-tron Sportback
0%
RS e-tron GT
0%
S e-tron GT
0%
Nie znaleziono quizów pasujących do podanych kryteriów
Rozkład punktacji
Procent ludzi z każdym wynikiem
Percentyl według liczby udzielonych odpowiedzi
Twoja historia wyników
Nie rozwiązałeś tego quizu